|
|
|
|
| LEADER |
00000cam a22000004a 4500 |
| 001 |
musev2_13610 |
| 003 |
MdBmJHUP |
| 005 |
20230905041511.0 |
| 006 |
m o d |
| 007 |
cr||||||||nn|n |
| 008 |
090112s2010 nju o 00 0 eng d |
| 010 |
|
|
|z 2009000773
|
| 020 |
|
|
|a 9780813549088
|
| 020 |
|
|
|z 0813549086
|
| 020 |
|
|
|z 9780813546278
|
| 035 |
|
|
|a (OCoLC)781634237
|
| 040 |
|
|
|a MdBmJHUP
|c MdBmJHUP
|
| 050 |
0 |
4 |
|a HQ1073
|b .F557 2010
|
| 082 |
0 |
|
|a 306.9
|2 22
|
| 245 |
0 |
0 |
|a Final Acts :
|b Death, Dying, and the Choices We Make /
|c edited by Nan Bauer-Maglin and Donna Perry.
|
| 264 |
|
1 |
|a New Brunswick, N.J. :
|b Rutgers University Press,
|c 2010.
|
| 264 |
|
3 |
|a Baltimore, Md. :
|b Project MUSE,
|c 2013
|
| 264 |
|
4 |
|c ©2010.
|
| 300 |
|
|
|a 1 online resource (344 pages).
|
| 336 |
|
|
|a text
|b txt
|2 rdacontent
|
| 337 |
|
|
|a computer
|b c
|2 rdamedia
|
| 338 |
|
|
|a online resource
|b cr
|2 rdacarrier
|
| 504 |
|
|
|a Includes bibliographical references and index.
|
| 505 |
0 |
|
|a Notes on my dying / Ruthann Robson -- Live longer or live better? / June Bingham -- "Life which is ours to know just once" / Nancy Barnes -- Caregiving Beulah: a relentless challenge / Susan Perlstein -- E-mails to family and friends: Claude and maxilla-declining gently / Sara M. Evans -- Whose death is it, anyway? / Carol K. Oyster -- The family tree / Jean Levitan -- Elegy for an optimist / Mimi Schwartz -- Buddhist reflections on life and death: a personal memoir / Alan Pope -- Death as my colleague / Mary Jumbelic -- The transformation of death in America / Stephen P. Kiernan -- Unintended consequences: hospice, hospitals, and the not-so-good death / Kathryn Temple -- The hospital ethics committee: solving medical dilemmas / Natalie R. Hannon -- Ethical principles for end-of-life decision making / Candace Cummins Gauthier -- Life or death: who gets to choose? / Cherylynn MacGregor -- Empowering patients at the end of life: law, advocacy, policy / Kathryn L. Tucker -- Dying down under: from law reform to the peaceful pill / Philip Nitschke, Fiona Stewart -- Ageism and late-life choices / Margaret Cruikshank -- Physician-assisted suicide: why both sides are wrong / Ira Byock -- End of days / Marge Piercy.
|
| 588 |
|
|
|a Description based on print version record.
|
| 650 |
1 |
2 |
|a Thanatology.
|
| 650 |
1 |
2 |
|a Death.
|
| 650 |
|
0 |
|a Death.
|
| 655 |
|
7 |
|a Electronic books.
|2 local
|
| 700 |
1 |
|
|a Perry, Donna Marie,
|d 1946-
|
| 700 |
1 |
|
|a Maglin, Nan Bauer.
|
| 710 |
2 |
|
|a Project Muse.
|e distributor
|
| 830 |
|
0 |
|a Book collections on Project MUSE.
|
| 856 |
4 |
0 |
|z Texto completo
|u https://projectmuse.uam.elogim.com/book/13610/
|
| 945 |
|
|
|a Project MUSE - Custom Collection
|
| 945 |
|
|
|a Project MUSE - Archive Complete Supplement
|
| 945 |
|
|
|a Project MUSE - Archive Philosophy and Religion Supplement
|